000 00527nam a2200181Ia 4500
005 20250603145746.0
008 250603s9999 xx 000 0 und d
020 _a9789789722976
050 _aJC 330.3 .F34/
100 _aEdited by Fagbohun, Olanrewaju & Adewale Aderemi
245 0 _aStatesmanship and political leadership : analyses of Nigeria's fourth republic
260 _aLagos, Nigeria
260 _bLagos state university press
260 _c2019
300 _a562 p
650 _aLagos, Nigeria
942 _cBK
999 _c42770
_d42770